000 00546nam a2200229Ia 4500
003 OSt
005 20231012122627.0
008 210210b1909 xxu||||| |||| 00| 0 eng d
040 _cAL
041 _aeng
082 _a515/106
100 _aRICHARDSON
_9137688
245 _aModern plane geometry
260 _aLondon
_bMacmillan & Co. Ltd.
_c1909
650 _aplane
_9137689
650 _aModern
_9137690
650 _ageometry
_9137691
690 _aGeometry
_9137692
700 _aRAMSEY
_9137693
906 _a007670
942 _2ddc
_cBK
999 _c140215
_d140215